Five Country Flags by Continent - Tile Select Quiz - Statistics

General Stats
  • This quiz has been taken 3,486 times
  • The average score is 59 of 72
Answer Stats
Question Tile Select % Correct
flags of Europe Yes
98%
flags of Europe No
97%
flags of Europe No
97%
flags of Europe No
97%
flags of Europe No
96%
flags of Europe No
95%
flags of Europe Yes
95%
flags of Africa No
92%
flags of Asia No
91%
flags of Asia No
91%
flags of Africa No
90%
flags of Asia No
90%
flags of Europe Yes
90%
flags of Oceania No
90%
flags of South America No
90%
flags of Africa No
90%
flags of Africa No
89%
flags of Oceania No
89%
flags of Africa Yes
88%
flags of North America No
88%
flags of Oceania No
88%
flags of Asia No
88%
flags of Africa No
88%
flags of South America Yes
88%
flags of North America No
88%
flags of South America No
87%
flags of Asia Yes
87%
flags of North America No
87%
flags of Asia Yes
87%
flags of Asia No
87%
flags of Africa No
87%
flags of South America Yes
86%
flags of North America No
86%
flags of Asia Yes
86%
flags of Europe No
86%
flags of Africa Yes
85%
flags of Africa Yes
85%
flags of Oceania No
85%
flags of Oceania Yes
85%
flags of South America No
84%
flags of North America Yes
84%
flags of South America No
83%
flags of Asia Yes
83%
flags of South America No
83%
flags of South America No
83%
flags of Oceania Yes
82%
flags of South America Yes
82%
flags of Asia No
81%
flags of Europe Yes
80%
flags of Africa Yes
80%
flags of Oceania No
79%
flags of Oceania Yes
78%
flags of Europe Yes
78%
flags of North America Yes
77%
flags of South America No
76%
flags of North America No
75%
flags of Europe No
75%
flags of North America Yes
74%
flags of Oceania Yes
74%
flags of Oceania No
73%
flags of North America No
73%
flags of North America Yes
72%
flags of Oceania No
72%
flags of Asia No
70%
flags of Africa Yes
70%
flags of North America No
68%
flags of South America Yes
65%
flags of Africa No
65%
flags of Oceania Yes
62%
flags of South America Yes
61%
flags of Asia Yes
61%
flags of North America Yes
59%
No matching quizzes found
Score Distribution
Percent of People with Each Score
Percentile by Number Answered
Your Score History
You have not taken this quiz